| 000 | 00867nam a2200265 i 4500 | ||
|---|---|---|---|
| 001 | 000025900 | ||
| 003 | DO-SdBNP | ||
| 005 | 20240306185038.0 | ||
| 007 | ta | ||
| 008 | 110224s1999 dr abc 000 0 spa d | ||
| 040 |
_aDO-SdBNP _bspa _cBNPHU _erda |
||
| 049 | _aBNPD | ||
| 082 | 4 | _222 | |
| 245 | 0 | 0 |
_aRepública Dominicana y unesco : _bhacia una nuevas formas de cooperación 1996-1999 /. |
| 264 |
_aSanto Domingo : _bUNESCO, _c1999. |
||
| 300 |
_a44 páginas : _bilustraciones, retratos ; _c27 cm. |
||
| 336 |
_2rdacontent _atexto _btxt |
||
| 337 |
_2rdamedia _asin mediación _bnc |
||
| 338 |
_2rdacarrier _avolumen _bn |
||
| 590 | _aInventariado, 2023/BT | ||
| 710 | 2 |
_aComisión Nacional Dominicana para la UNESCO _952759 |
|
| 710 |
_aSecretaría de Estado de Educación y Cultura, (República Dominicana) _955093 |
||
| 910 | _aBtavárez | ||
| 942 |
_2ddc _cLF2 |
||
| 999 |
_c25392 _d25392 |
||